[Event "RA-2011-0-00144"]
[Site "LSS email"]
[Date "2011.08.07"]
[Round "?"]
[White "Khlopov, Sergej"]
[Black "Meulemans, Bart"]
[Result "1-0"]
[WhiteElo "2099"]
[BlackElo "2167"]
[PlyCount "75"]
[EventDate "2011.07.06"]
[EventType "tourn (corr)"]
[EventRounds "6"]
[EventCountry "GER"]
[SourceTitle "Telechess CBM 149"]
[Source "ChessBase"]
[SourceDate "2012.07.17"]
[SourceVersion "1"]
[SourceVersionDate "2012.07.17"]
[SourceQuality "1"]

1. e4 e5 2. Nf3 Nc6 3. Bb5 a6 4. Ba4 Nf6 5. 0-0 Be7 6. Re1 b5 7. Bb3 d6 8. c3 0-0 9. h3 Bb7 10. d4 Re8 11. Nbd2 Bf8 12. a3 h6 13. Bc2 Nb8 14. b4 Nbd7 15. Bb2 c5 16. d5 Nh5 17. Nb3 Qc7 18. Na5 Bc8 19. Bc1 Nb6 20. Bd2 Bd7 21. Nxe5 Rxe5 22. f4 Nxf4 23. Bxf4 Ree8 24. Qd3 g6 25. Qg3 cxb4 26. axb4 Bg7 27. Re3 Nc8 28. h4 Ra7 29. Rf1 Qb6 30. Kh1 h5 31. Bb3 Kh7 32. Bg5 Rf8 33. Ref3 Bg4 34. R3f2 Rd7 35. Nc6 Qc7 36. Bf6 Na7 37. Bxg7 Kxg7 38. Rf6 1-0

[Event "RA-2011-0-00144"]
[Site "LSS email"]
[Date "2011.08.07"]
[Round "?"]
[White "Meulemans, Bart"]
[Black "Husemann, Andreas"]
[Result "1/2-1/2"]
[WhiteElo "2167"]
[BlackElo "2084"]
[PlyCount "48"]
[EventDate "2011.07.06"]
[EventType "tourn (corr)"]
[EventRounds "6"]
[EventCountry "GER"]
[SourceTitle "Telechess CBM 149"]
[Source "ChessBase"]
[SourceDate "2012.07.17"]
[SourceVersion "1"]
[SourceVersionDate "2012.07.17"]
[SourceQuality "1"]

1. e4 e5 2. Nf3 Nc6 3. Bc4 Bc5 4. c3 Nf6 5. d3 a6 6. 0-0 Ba7 7. Bb3 d6 8. Nbd2 0-0 9. h3 h6 10. Re1 Re8 11. Nf1 Be6 12. Be3 Bxe3 13. Nxe3 Bxb3 14. Qxb3 Qd7 15. Rad1 Rab8 16. Nd5 Nxd5 17. exd5 Na7 18. c4 c6 19. Qb6 Nc8 20. dxc6 Nxb6 21. cxd7 Nxd7 22. d4 e4 23. Nd2 f5 24. g4 g6 1/2-1/2

[Event "WC-2014-S-00011"]
[Site "LSS email"]
[Date "2011.07.16"]
[Round "?"]
[White "Meulemans, Bart"]
[Black "Rudenko, Vitaliy"]
[Result "1/2-1/2"]
[WhiteElo "2166"]
[BlackElo "2273"]
[PlyCount "89"]
[EventDate "2011.07.22"]
[EventType "tourn (corr)"]
[EventRounds "6"]
[EventCountry "GER"]
[SourceTitle "Telechess CBM 155"]
[Source "ChessBase"]
[SourceDate "2013.07.16"]
[SourceVersion "1"]
[SourceVersionDate "2013.07.16"]
[SourceQuality "1"]

1. e4 g6 2. d4 Bg7 3. Nc3 d6 4. Nf3 a6 5. Be3 b5 6. Bd3 Bb7 7. 0-0 Nd7 8. a4 b4 9. Na2 Ngf6 10. d5 Nc5 11. Nxb4 Nfxe4 12. Nd4 0-0 13. Bc4 Qd7 14. Nbc6 Bxc6 15. dxc6 Qd8 16. c3 d5 17. Ba2 Qd6 18. Rc1 Rfd8 19. f3 Nf6 20. b4 Ne6 21. Qd2 Nf8 22. g4 e5 23. Nb3 Qxc6 24. Na5 Qxa4 25. Nb7 h6 26. Nxd8 Rxd8 27. Ra1 Ne6 28. h4 Qd7 29. Bb3 Qd6 30. Qe2 e4 31. Rxa6 Qe5 32. Rc6 Qg3+ 33. Qg2 Qxh4 34. Qf2 Qxf2+ 35. Kxf2 exf3 36. Kxf3 Nd7 37. Ra6 Ne5+ 38. Kg3 Nc4 39. Bxc4 dxc4 40. Rc6 Rd3 41. Kf2 Rxc3 42. Rc1 Rxc1 43. Bxc1 c3 44. Be3 h5 45. gxh5 1/2-1/2

[Event "RM-2011-0-00072"]
[Site "LSS email"]
[Date "2011.03.22"]
[Round "?"]
[White "Meulemans, Bart"]
[Black "Almeida, Ramiro da Costa"]
[Result "1/2-1/2"]
[WhiteElo "2110"]
[BlackElo "2139"]
[PlyCount "55"]
[EventDate "2011.02.15"]
[EventType "tourn (corr)"]
[EventRounds "6"]
[EventCountry "GER"]
[SourceTitle "Corr 2013"]
[Source "ChessBase"]
[SourceDate "2012.11.12"]
[SourceVersion "1"]
[SourceVersionDate "2012.11.12"]
[SourceQuality "1"]

1. e4 c5 2. Nf3 d6 3. d4 cxd4 4. Nxd4 Nf6 5. Nc3 a6 6. Bc4 e6 7. 0-0 b5 8. Bb3 Be7 9. Qf3 Qc7 10. Qg3 0-0 11. Bh6 Ne8 12. Rfd1 Bf6 13. Bg5 Bxg5 14. Qxg5 Nf6 15. a3 Re8 16. Rd3 h6 17. Qg3 Nbd7 18. Nf3 Ne5 19. Nxe5 dxe5 20. Qe3 Bd7 21. f3 a5 22. Rd2 Red8 23. Rad1 Be8 24. Rxd8 Rxd8 25. Rxd8 Qxd8 26. Kf2 a4 27. Ba2 Qd6 28. g3 1/2-1/2

[Event "LSS No Engine Cup 18 Final"]
[Site "LSS email"]
[Date "2010.11.28"]
[Round "?"]
[White "Endean, Andrew"]
[Black "Meulemans, Bart"]
[Result "0-1"]
[WhiteElo "1552"]
[BlackElo "2110"]
[PlyCount "48"]
[EventDate "2010.11.29"]
[EventType "tourn (corr)"]
[EventRounds "6"]
[EventCountry "GER"]
[SourceTitle "Telechess CBM 145"]
[Source "Chessbase"]
[SourceDate "2011.11.11"]
[SourceVersion "1"]
[SourceVersionDate "2011.11.11"]
[SourceQuality "1"]

1. d4 d5 2. c4 dxc4 3. Nf3 a6 4. e3 Nf6 5. Bxc4 e6 6. 0-0 c5 7. Bb3 b5 8. a4 b4 9. Nbd2 Bb7 10. e4 Be7 11. e5 Nfd7 12. Nc4 0-0 13. Bc2 cxd4 14. Bf4 Bd5 15. Qxd4 Nc6 16. Qd3 g6 17. Rfd1 Rc8 18. Rac1 Nd4 19. Nxd4 Rxc4 20. b3 Rc3 21. Qxa6 Bg5 22. Bxg5 Qxg5 23. Qf1 Qxe5 24. a5 Nf6 0-1

[Event "LSS No Engine Cup 20 Final"]
[Site "LSS email"]
[Date "2010.11.01"]
[Round "?"]
[White "Taroma Corpus, Roger"]
[Black "Meulemans, Bart"]
[Result "0-1"]
[WhiteElo "1510"]
[BlackElo "2107"]
[PlyCount "102"]
[EventDate "2010.11.01"]
[EventType "tourn (corr)"]
[EventRounds "6"]
[EventCountry "GER"]
[SourceTitle "Telechess CBM 147"]
[Source "ChessBase"]
[SourceDate "2012.03.16"]
[SourceVersion "1"]
[SourceVersionDate "2012.03.16"]
[SourceQuality "1"]

1. e4 e5 2. Nf3 Nc6 3. Bb5 a6 4. Ba4 Nf6 5. 0-0 Be7 6. Re1 b5 7. Bb3 d6 8. h3 0-0 9. c3 Bb7 10. d4 Re8 11. Nbd2 Bf8 12. d5 Nb8 13. Nf1 Nbd7 14. Ng3 Nc5 15. Bc2 c6 16. b4 Ncd7 17. dxc6 Bxc6 18. Bb3 h6 19. Nh2 a5 20. a3 Nb6 21. Ng4 axb4 22. cxb4 Bd7 23. Qf3 Be6 24. Bxe6 Rxe6 25. Nf5 Nxg4 26. Qxg4 Rg6 27. Qe2 Qd7 28. Be3 d5 29. Bxb6 Rxb6 30. Qg4 Rd8 31. Red1 d4 32. Rd3 g6 33. Qg3 Qe8 34. Nh4 Kh7 35. Nf3 Bd6 36. h4 Rc8 37. h5 Rbc6 38. hxg6+ fxg6 39. Qg4 Rc1+ 40. Rxc1 Rxc1+ 41. Kh2 Qf7 42. Qh3 Kg7 43. Qg3 Qe6 44. Nh4 Kh7 45. Nf3 Rc7 46. Nd2 Rc2 47. Nb3 Ra2 48. Nc1 Rb2 49. Nb3 Kg7 50. Nc1 Qf7 51. Rf3 Qe7 0-1

[Event "LSS No Engine Cup 21 Final"]
[Site "LSS email"]
[Date "2010.10.13"]
[Round "?"]
[White "Schloegl, Dietrich"]
[Black "Meulemans, Bart"]
[Result "1/2-1/2"]
[WhiteElo "1754"]
[BlackElo "2071"]
[PlyCount "60"]
[EventDate "2010.10.14"]
[EventType "tourn (corr)"]
[EventRounds "6"]
[EventCountry "GER"]
[SourceTitle "Telechess CBM 143"]
[Source "ChessBase"]
[SourceDate "2011.07.15"]
[SourceVersion "1"]
[SourceVersionDate "2011.07.15"]
[SourceQuality "1"]

1. d4 d5 2. c4 dxc4 3. Nf3 a6 4. e3 Nf6 5. Bxc4 e6 6. 0-0 c5 7. Bb3 b5 8. a4 b4 9. Nbd2 Bb7 10. e4 Be7 11. e5 Nfd7 12. Nc4 0-0 13. Bc2 cxd4 14. Nxd4 Bd5 15. Ne3 Nxe5 16. Nxd5 Qxd5 17. Re1 Nbc6 18. Nxc6 Nxc6 19. Bf4 Rad8 20. Be4 Qxd1 21. Raxd1 Rxd1 22. Rxd1 Na5 23. Rd7 Rd8 24. Rxd8+ Bxd8 25. Bd3 Bf6 26. Bd6 Bxb2 27. Bxb4 Nc6 28. Bd6 a5 29. Bb5 Nd4 30. Bd3 f6 1/2-1/2

[Event "CP-2010-P-00062"]
[Site "LSS email"]
[Date "2010.09.28"]
[Round "?"]
[White "Moskalenko, Eduard"]
[Black "Meulemans, Bart"]
[Result "1/2-1/2"]
[WhiteElo "1915"]
[BlackElo "2077"]
[PlyCount "44"]
[EventDate "2010.10.01"]
[EventType "tourn (corr)"]
[EventRounds "6"]
[EventCountry "GER"]
[SourceTitle "Telechess CBM 143"]
[Source "ChessBase"]
[SourceDate "2011.07.15"]
[SourceVersion "1"]
[SourceVersionDate "2011.07.15"]
[SourceQuality "1"]

1. e4 e5 2. Nf3 Nc6 3. Bb5 a6 4. Ba4 Nf6 5. 0-0 Be7 6. Re1 b5 7. Bb3 d6 8. c3 0-0 9. h3 Nb8 10. d4 Nbd7 11. Nbd2 Bb7 12. Bc2 Re8 13. Nf1 Bf8 14. Ng3 g6 15. a4 c5 16. d5 c4 17. Bg5 Nc5 18. Qd2 Bg7 19. Be3 Nfd7 20. Reb1 Qc7 21. Bh6 f6 22. h4 Nb6 1/2-1/2

[Event "LSS SA-2010-0-00153"]
[Site "LSS email"]
[Date "2010.09.22"]
[Round "?"]
[White "Sciarretta, Robert W"]
[Black "Meulemans, Bart"]
[Result "1/2-1/2"]
[WhiteElo "2220"]
[BlackElo "2169"]
[PlyCount "78"]
[EventDate "2010.09.03"]
[EventType "tourn (corr)"]
[EventRounds "6"]
[EventCountry "GER"]
[SourceTitle "Telechess CBM 157"]
[Source "ChessBase"]
[SourceDate "2013.11.12"]
[SourceVersion "1"]
[SourceVersionDate "2013.11.12"]
[SourceQuality "1"]

1. d4 d5 2. c4 c6 3. Nf3 Nf6 4. Nc3 e6 5. Bg5 h6 6. Bh4 dxc4 7. e4 g5 8. Bg3 b5 9. Be2 Bb7 10. h4 g4 11. Ne5 Nbd7 12. Nxd7 Qxd7 13. Be5 Qe7 14. Bxg4 Rg8 15. Bf3 0-0-0 16. Qe2 Nd7 17. Bg3 b4 18. Na4 Ba6 19. e5 Bb5 20. Qc2 b3 21. axb3 Qb4+ 22. Nc3 cxb3 23. Qd2 Nb6 24. Nxb5 cxb5 25. Qc3+ Qxc3+ 26. bxc3 b2 27. Rb1 Ba3 28. Kd2 Nd5 29. Bxd5 Rxd5 30. h5 a5 31. Bf4 Rxg2 32. Bxh6 Rxf2+ 33. Kd3 Rd8 34. Rbg1 a4 35. Be3 Rf5 36. h6 Rh8 37. Kc2 Rf3 38. Re1 b4 39. Rhf1 Rg3 1/2-1/2

[Event "LSS SA-2010-0-00153"]
[Site "LSS email"]
[Date "2010.09.21"]
[Round "?"]
[White "Buczinski, Henryk"]
[Black "Meulemans, Bart"]
[Result "1/2-1/2"]
[WhiteElo "2198"]
[BlackElo "2169"]
[PlyCount "71"]
[EventDate "2010.09.03"]
[EventType "tourn (corr)"]
[EventRounds "6"]
[EventCountry "GER"]
[SourceTitle "Telechess CBM 157"]
[Source "ChessBase"]
[SourceDate "2013.11.12"]
[SourceVersion "1"]
[SourceVersionDate "2013.11.12"]
[SourceQuality "1"]

1. d4 d5 2. c4 c6 3. Nf3 Nf6 4. Nc3 e6 5. e3 Nbd7 6. Bd3 dxc4 7. Bxc4 b5 8. Bd3 Bb7 9. 0-0 a6 10. e4 c5 11. d5 Qc7 12. Bc2 c4 13. dxe6 fxe6 14. Ng5 Nc5 15. e5 Qxe5 16. Re1 Qd6 17. Qxd6 Bxd6 18. Be3 0-0 19. Rad1 Be7 20. Bxc5 Bxc5 21. Nxe6 Rfc8 22. Bf5 b4 23. Na4 Ba7 24. Nxg7 Rd8 25. Ne6 Rxd1 26. Rxd1 Be4 27. Bxe4 Nxe4 28. Kf1 c3 29. f3 Nf2 30. Rb1 c2 31. Rc1 Re8 32. Nf4 Rc8 33. Ke2 Re8+ 34. Kf1 Rc8 35. Ke2 Re8+ 36. Kf1 1/2-1/2

[Event "LSS SA-2010-0-00152"]
[Site "LSS email"]
[Date "2010.09.16"]
[Round "?"]
[White "Meulemans, Bart"]
[Black "Sanner, Zdzislaw"]
[Result "1/2-1/2"]
[WhiteElo "2159"]
[BlackElo "2187"]
[PlyCount "20"]
[EventDate "2010.09.01"]
[EventType "tourn (corr)"]
[EventRounds "6"]
[EventCountry "GER"]
[SourceTitle "Corr 2015"]
[Source "ChessBase"]
[SourceDate "2015.07.17"]
[SourceVersion "1"]
[SourceVersionDate "2015.07.17"]
[SourceQuality "1"]

1. e4 e5 2. Nf3 Nc6 3. Bc4 Nf6 4. Ng5 Bc5 5. c3 0-0 6. 0-0 h6 7. d4 exd4 8. Nxf7 Rxf7 9. Bxf7+ Kxf7 10. e5 Nd5 1/2-1/2

[Event "LSS SA-2010-0-00149"]
[Site "LSS email"]
[Date "2010.09.04"]
[Round "?"]
[White "Carroll, Patrick J"]
[Black "Meulemans, Bart"]
[Result "1/2-1/2"]
[WhiteElo "2121"]
[BlackElo "2072"]
[PlyCount "58"]
[EventDate "2010.08.14"]
[EventType "tourn (corr)"]
[EventRounds "6"]
[EventCountry "GER"]
[SourceTitle "Telechess CBM 143"]
[Source "ChessBase"]
[SourceDate "2011.07.15"]
[SourceVersion "1"]
[SourceVersionDate "2011.07.15"]
[SourceQuality "1"]

1. e4 e5 2. Bc4 Nf6 3. d3 Nc6 4. Nf3 h6 5. 0-0 Bc5 6. Nc3 0-0 7. Nd5 d6 8. h3 Nxd5 9. Bxd5 Qf6 10. c3 a5 11. Qe2 Ne7 12. Bc4 Ng6 13. Be3 Re8 14. d4 exd4 15. cxd4 Ba7 16. Bd3 c5 17. dxc5 Bxc5 18. Bxc5 dxc5 19. Qe3 b6 20. Rfe1 Qxb2 21. e5 Rb8 22. Be4 Qb4 23. Rad1 Ne7 24. a3 Qa4 25. Rd6 Bf5 26. Nd2 Rbd8 27. g4 Bxe4 28. Nxe4 Nc8 29. Qf4 Qc2 1/2-1/2

[Event "LSS RA-2010-0-00100"]
[Site "LSS email"]
[Date "2010.08.13"]
[Round "?"]
[White "Meulemans, Bart"]
[Black "Windheim, Charles"]
[Result "1-0"]
[WhiteElo "2153"]
[BlackElo "1912"]
[PlyCount "87"]
[EventDate "2010.06.19"]
[EventType "tourn (corr)"]
[EventRounds "6"]
[EventCountry "GER"]
[SourceTitle "Telechess CBM 143"]
[Source "ChessBase"]
[SourceDate "2011.07.15"]
[SourceVersion "1"]
[SourceVersionDate "2011.07.15"]
[SourceQuality "1"]

1. e4 c5 2. Nf3 g6 3. d4 cxd4 4. Qxd4 Nf6 5. Nc3 Nc6 6. Qa4 d6 7. e5 dxe5 8. Nxe5 Qd4 9. Nc4 Ng4 10. Be3 Nxe3 11. fxe3 Qc5 12. Nb5 Bh6 13. Nc7+ Kf8 14. Nxa8 Bxe3 15. Qa3 Bf2+ 16. Kd1 Qg5 17. Nc7 Kg7 18. Qc3+ f6 19. Qd2 Rd8 20. Ne8+ Kf8 21. Ned6 Qh4 22. Bd3 e5 23. Nxc8 Bc5 24. N8d6 Bxd6 25. g3 Qg4+ 26. Qe2 Qc8 27. Rf1 Kg7 28. Nxd6 Rxd6 29. c3 f5 30. Kc1 e4 31. Bc2 Ne5 32. Rd1 Rxd1+ 33. Qxd1 Nf3 34. Qd5 h5 35. Bd1 Nxh2 36. Qd4+ Kg8 37. Qf6 Kh7 38. Bxh5 gxh5 39. Qf7+ Kh6 40. Kc2 Qc6 41. Rd1 Kg5 42. Qg7+ Qg6 43. Qe5 Nf3 44. Qf4+ 1-0

[Event "LSS RA-2010-0-00100"]
[Site "LSS email"]
[Date "2010.08.13"]
[Round "?"]
[White "Szabo, Mihaly"]
[Black "Meulemans, Bart"]
[Result "1/2-1/2"]
[WhiteElo "2087"]
[BlackElo "2145"]
[PlyCount "81"]
[EventDate "2010.06.19"]
[EventType "tourn (corr)"]
[EventRounds "6"]
[EventCountry "GER"]
[SourceTitle "Telechess CBM 143"]
[Source "ChessBase"]
[SourceDate "2011.07.15"]
[SourceVersion "1"]
[SourceVersionDate "2011.07.15"]
[SourceQuality "1"]

1. d4 d5 2. c4 e6 3. Nf3 Nf6 4. Nc3 c6 5. e3 Nbd7 6. Bd3 dxc4 7. Bxc4 b5 8. Bd3 Bb7 9. 0-0 a6 10. e4 c5 11. d5 c4 12. Bc2 Qc7 13. Qe2 Bd6 14. Bg5 0-0 15. Bxf6 gxf6 16. Rad1 Nc5 17. a3 Rad8 18. g3 Rfe8 19. Nd4 Bf8 20. Qg4+ Bg7 21. Rfe1 Qb6 22. Nf3 h6 23. Nh4 Nd7 24. Qh5 Ne5 25. Kg2 Qc5 26. Kf1 Bc8 27. f4 exd5 28. fxe5 Rxe5 29. Nf5 d4 30. Nxh6+ Bxh6 31. Qxh6 Rh5 32. Qxf6 Bh3+ 33. Kg1 dxc3+ 34. Kh1 Rd2 35. Rxd2 cxd2 36. Qd8+ Kg7 37. Qxd2 Rh6 38. e5 Rh5 39. g4 Rxe5 40. Qc3 f6 41. Rxe5 1/2-1/2

[Event "LSS SA-2010-0-00143"]
[Site "LSS email"]
[Date "2010.08.03"]
[Round "?"]
[White "Meulemans, Bart"]
[Black "Wimmer, Jaroslav"]
[Result "1/2-1/2"]
[WhiteElo "2132"]
[BlackElo "2128"]
[PlyCount "43"]
[EventDate "2010.07.07"]
[EventType "tourn (corr)"]
[EventRounds "6"]
[EventCountry "GER"]
[SourceTitle "Telechess CBM 143"]
[Source "ChessBase"]
[SourceDate "2011.07.15"]
[SourceVersion "1"]
[SourceVersionDate "2011.07.15"]
[SourceQuality "1"]

1. e4 e6 2. d4 d5 3. Nc3 Bb4 4. e5 c5 5. a3 Bxc3+ 6. bxc3 Ne7 7. Qg4 0-0 8. Bd3 f5 9. exf6 Rxf6 10. Bg5 Rf7 11. Qh5 g6 12. Qd1 c4 13. Be2 Nbc6 14. Nf3 Qa5 15. Qd2 Nf5 16. Ne5 Nxe5 17. dxe5 d4 18. cxd4 Qxd2+ 19. Kxd2 Nxd4 20. Be3 Nxe2 21. Kxe2 Bd7 22. f3 1/2-1/2

[Event "LSS SA-2010-0-00143"]
[Site "LSS email"]
[Date "2010.08.03"]
[Round "?"]
[White "Meulemans, Bart"]
[Black "Zielinski, Sergej"]
[Result "1-0"]
[WhiteElo "2159"]
[BlackElo "2131"]
[PlyCount "107"]
[EventDate "2010.07.07"]
[EventType "tourn (corr)"]
[EventRounds "6"]
[EventCountry "GER"]
[SourceTitle "Telechess CBM 149"]
[Source "ChessBase"]
[SourceDate "2012.07.17"]
[SourceVersion "1"]
[SourceVersionDate "2012.07.17"]
[SourceQuality "1"]

1. e4 e5 2. Nf3 Nc6 3. Bc4 Bc5 4. c3 Nf6 5. d3 d6 6. 0-0 0-0 7. Bb3 a6 8. Nbd2 Ba7 9. h3 h6 10. Re1 Nh5 11. Nf1 Qf6 12. Be3 Nf4 13. Ng3 g6 14. d4 Bd7 15. Bxf4 exf4 16. e5 dxe5 17. Ne4 Qe7 18. Nxe5 Nxe5 19. dxe5 Kg7 20. Nf6 Bc6 21. Qc1 f3 22. g3 Rad8 23. Qf4 Bb5 24. h4 Be2 25. Bd1 Qe6 26. Bxe2 fxe2 27. Rxe2 Bc5 28. Ng4 Rh8 29. Qf6+ Qxf6 30. exf6+ Kh7 31. Kg2 Rhe8 32. Rae1 Rxe2 33. Rxe2 h5 34. Ne5 Kg8 35. a4 Bf8 36. Nc4 b5 37. axb5 axb5 38. Nd2 b4 39. f4 bxc3 40. bxc3 Bd6 41. Ne4 Kf8 42. Rb2 Ke8 43. c4 Ba3 44. Rb5 Bc1 45. Re5+ Kf8 46. Ng5 Rd7 47. Rb5 Rd8 48. Kf3 Kg8 49. Ne4 Kf8 50. Rb7 Rc8 51. c5 Ke8 52. c6 Ba3 53. g4 hxg4+ 54. Kxg4 1-0

[Event "LSS SA-2010-0-00143"]
[Site "LSS email"]
[Date "2010.08.03"]
[Round "?"]
[White "Schroeder, Christoph"]
[Black "Meulemans, Bart"]
[Result "1/2-1/2"]
[WhiteElo "2121"]
[BlackElo "2073"]
[PlyCount "98"]
[EventDate "2010.07.07"]
[EventType "tourn (corr)"]
[EventRounds "6"]
[EventCountry "GER"]
[SourceTitle "Telechess CBM 143"]
[Source "ChessBase"]
[SourceDate "2011.07.15"]
[SourceVersion "1"]
[SourceVersionDate "2011.07.15"]
[SourceQuality "1"]

1. d4 d5 2. Nf3 Nf6 3. e3 c5 4. c4 cxd4 5. exd4 Nc6 6. Nc3 Bg4 7. cxd5 Nxd5 8. Qb3 Bxf3 9. gxf3 e6 10. Qxb7 Nxd4 11. Bb5+ Nxb5 12. Qc6+ Ke7 13. Qxb5 Nxc3 14. bxc3 Rb8 15. Qc5+ Ke8 16. Qxa7 Bd6 17. 0-0 Rb5 18. Qd4 Rh5 19. h3 Ke7 20. Rd1 Bc5 21. Qa4 Qa8 22. Qg4 Rf5 23. Bg5+ f6 24. Be3 Rg8 25. Bxc5+ Rxc5 26. f4 g6 27. Rd4 Re8 28. Rb1 Rec8 29. Qh4 Rh5 30. Qg3 Rc7 31. Qd3 Ra5 32. Rd1 Qb7 33. c4 Kf7 34. Rd8 Qc6 35. Qc3 Ra8 36. Qb4 Rxd8 37. Rxd8 Qc5 38. Qb5 Qe7 39. Rb8 e5 40. fxe5 Qxe5 41. Qxe5 fxe5 42. Rb4 Ke6 43. a4 Rc5 44. Kg2 Kf5 45. Kf3 g5 46. Kg3 h5 47. f3 Kf6 48. Rb2 Rxc4 49. Ra2 e4 1/2-1/2

[Event "LSS RM-2010-0-00057"]
[Site "LSS email"]
[Date "2010.07.27"]
[Round "?"]
[White "Meulemans, Bart"]
[Black "Bernal Varela, Nelson"]
[Result "1/2-1/2"]
[WhiteElo "2151"]
[BlackElo "2204"]
[PlyCount "39"]
[EventDate "2010.06.03"]
[EventType "tourn (corr)"]
[EventRounds "6"]
[EventCountry "GER"]
[SourceTitle "Telechess CBM 143"]
[Source "ChessBase"]
[SourceDate "2011.07.15"]
[SourceVersion "1"]
[SourceVersionDate "2011.07.15"]
[SourceQuality "1"]

1. e4 c5 2. Nf3 d6 3. d4 cxd4 4. Nxd4 Nf6 5. Nc3 a6 6. Be3 e5 7. Nb3 Be6 8. Qd2 Nbd7 9. f3 b5 10. a4 b4 11. Nd5 Bxd5 12. exd5 Nb6 13. Bxb6 Qxb6 14. a5 Qb7 15. Bc4 Be7 16. Ra4 Rb8 17. Qd3 Ra8 18. Qd2 Rb8 19. Qd3 Ra8 20. Qd2 1/2-1/2

[Event "SM-2010-0-00110"]
[Site "LSS email"]
[Date "2010.07.17"]
[Round "?"]
[White "Fages, Jorge Juan"]
[Black "Meulemans, Bart"]
[Result "1/2-1/2"]
[WhiteElo "2192"]
[BlackElo "2137"]
[PlyCount "68"]
[EventDate "2010.06.06"]
[EventType "tourn (corr)"]
[EventRounds "6"]
[EventCountry "GER"]
[SourceTitle "Telechess CBM 143"]
[Source "ChessBase"]
[SourceDate "2011.07.15"]
[SourceVersion "1"]
[SourceVersionDate "2011.07.15"]
[SourceQuality "1"]

1. e4 e5 2. Nf3 Nc6 3. Bb5 a6 4. Ba4 Bc5 5. 0-0 b5 6. Bb3 Nf6 7. a3 d6 8. Nc3 Bg4 9. h3 Bxf3 10. Qxf3 Nd4 11. Qd1 0-0 12. d3 h6 13. Ba2 c6 14. Ne2 Nxe2+ 15. Qxe2 Re8 16. c3 a5 17. b4 Bb6 18. Bb2 d5 19. Bb3 Qd6 20. Rac1 Rec8 21. exd5 cxd5 22. Qe1 axb4 23. axb4 e4 24. c4 dxc4 25. dxc4 bxc4 26. Bxc4 Qf4 27. Rc2 Nd5 28. Qc1 Qxc1 29. Rfxc1 Rd8 30. Bxd5 Rxd5 31. Kf1 Rad8 32. Rc8 f5 33. Rxd8+ Rxd8 34. Rc2 Rd3 1/2-1/2

[Event "SM-2010-0-00110"]
[Site "LSS email"]
[Date "2010.07.17"]
[Round "?"]
[White "Koch, Christian"]
[Black "Meulemans, Bart"]
[Result "1-0"]
[WhiteElo "2197"]
[BlackElo "2128"]
[PlyCount "85"]
[EventDate "2010.06.06"]
[EventType "tourn (corr)"]
[EventRounds "6"]
[EventCountry "GER"]
[SourceTitle "Telechess CBM 143"]
[Source "ChessBase"]
[SourceDate "2011.07.15"]
[SourceVersion "1"]
[SourceVersionDate "2011.07.15"]
[SourceQuality "1"]

1. e4 e5 2. Nf3 Nc6 3. Bb5 a6 4. Ba4 Bc5 5. c3 Nf6 6. 0-0 0-0 7. d4 Ba7 8. dxe5 Nxe4 9. Qd5 Nc5 10. Bc2 Ne7 11. Qd1 d5 12. Be3 Ne6 13. Qd3 g6 14. Bxa7 Rxa7 15. Nbd2 c5 16. Rfd1 b6 17. Qe3 Rd7 18. h4 Bb7 19. Qh6 Nc6 20. Re1 Re8 21. h5 Qe7 22. Nf1 Qf8 23. Qd2 Kh8 24. Ng3 Red8 25. Ng5 d4 26. hxg6 Nxg5 27. Qxg5 fxg6 28. e6 Re7 29. Rad1 Qg7 30. f4 dxc3 31. f5 Rxd1 32. Rxd1 gxf5 33. Qxg7+ Kxg7 34. Nxf5+ Kf6 35. Nxe7 Nxe7 36. bxc3 Bd5 37. a4 Bxe6 38. Bxh7 Nd5 39. Rc1 Nc7 40. c4 Ke5 41. Bd3 Bd7 42. Rb1 Bxa4 43. Rxb6 1-0

[Event "LSS RA-2010-0-00093"]
[Site "LSS email"]
[Date "2010.06.02"]
[Round "?"]
[White "Kroes, Friso"]
[Black "Meulemans, Bart"]
[Result "0-1"]
[WhiteElo "2049"]
[BlackElo "2093"]
[PlyCount "100"]
[EventDate "2010.05.08"]
[EventType "tourn (corr)"]
[EventRounds "6"]
[EventCountry "GER"]
[SourceTitle "Telechess CBM 147"]
[Source "ChessBase"]
[SourceDate "2012.03.16"]
[SourceVersion "1"]
[SourceVersionDate "2012.03.16"]
[SourceQuality "1"]

1. d4 d5 2. e4 dxe4 3. Nc3 Nf6 4. f3 exf3 5. Nxf3 e6 6. Bg5 Be7 7. Bd3 Nc6 8. a3 h6 9. Bf4 a6 10. Qd2 b5 11. 0-0-0 b4 12. axb4 Nxb4 13. Bc4 Bb7 14. h4 a5 15. Bb5+ c6 16. Ba4 Nfd5 17. Nxd5 Nxd5 18. Ne5 Bxh4 19. Kb1 Bf6 20. Rh5 Rc8 21. c4 Nb6 22. Qxa5 Ra8 23. Nxc6 Rxa5 24. Nxd8+ Rxa4 25. Nxb7 Nxc4 26. Rb5 g5 27. Bh2 Bg7 28. Nc5 Ra8 29. Rd3 0-0 30. Bc7 Kh7 31. Rb7 Kg6 32. b4 Ra3 33. Rxa3 Nxa3+ 34. Kb2 Nc4+ 35. Kb3 Ne3 36. Nd7 Re8 37. Be5 f6 38. Bd6 Nxg2 39. b5 Nf4 40. Ra7 Nd5 41. b6 Nxb6 42. Nxb6 h5 43. Na8 Bf8 44. Bh2 Rd8 45. Kc4 Bd6 46. Bxd6 Rxd6 47. Ra1 g4 48. Kc5 Rd5+ 49. Kc4 Rd7 50. Nb6 Rb7 0-1